Tschads Nachbarstaaten - Statistiken

Allgemein
  • Dieses Quiz wurde 19 mal gespielt
  • Das Durchschnittsergebnis liegt bei 5 aus 6
Antwortstatistiken
Nachbarstaaten % Korrekt
Libyen
100%
Niger
100%
Sudan
95%
Nigeria
89%
Zentralafrikanische Republik
89%
Kamerun
74%
Keine übereinstimmenden Quizze gefunden
Verteilung der Resultate
Anzahl Personen mit jedem Resultat
Perzentil nach korrekt beantworteten Fragen
Ihre Resultats-Entwicklung
Sie haben dieses Quiz noch nicht gespielt